000 00549nam a22002057a 4500
003 OSt
005 20140310182214.0
008 130906t xxu||||| |||| 00| 0 eng d
050 _aSB 429
_b.F317 1976
082 _aHS 635
_bF39 1976
245 _aFerns and palms in your home /
260 _aBarrington :
_bCountryside Books,
_cc1976.
300 _a48 p. :
_bill, ;
_c20 cm.
541 _j1
562 _e1
650 _aGardening.
_916951
650 _aFerns, Ornamental.
_916952
650 _aPalms.
_916953
942 _2lcc
_cHS
999 _c10555
_d10555